[Event "Paul Keres Mem 2013"]
[Site "Tallinn EST"]
[Date "2013.01.12"]
[Round "1.1"]
[White "Sveshnikov, Evgeny"]
[Black "Ehlvest, Jaan"]
[Result "1/2-1/2"]
[WhiteTitle "GM"]
[BlackTitle "GM"]
[WhiteElo "2521"]
[BlackElo "2605"]
[WhiteFideId "4100638"]
[BlackFideId "4500016"]
[EventDate "2013.01.12"]

1. e4 c6 2. d4 d5 3. exd5 cxd5 4. Nf3 Nf6 5. Bf4 a6 6. c3 g6 7. Bd3 Nc6 8. O-O
Bg4 9. Nbd2 Bg7 10. h3 Bxf3 11. Nxf3 O-O 12. Re1 e6 13. Ne5 Rc8 14. Qf3 Nxe5 15.
Bxe5 Nd7 16. Bg3 Nb6 17. Re2 Nc4 18. Qf4 Rc6 19. a4 Bf6 20. Qc1 Qd7 21. Bf4 Bg7
22. Qd1 Re8 23. Kh1 Rcc8 24. Kg1 Qc6 25. a5 Bf8 26. Qa4 Nd6 27. Qxc6 1/2-1/2

[Event "Paul Keres Mem 2013"]
[Site "Tallinn EST"]
[Date "2013.01.12"]
[Round "1.2"]
[White "Reizniece-Ozola, Dana"]
[Black "Berzina, Ilze"]
[Result "1/2-1/2"]
[WhiteTitle "WGM"]
[BlackTitle "WGM"]
[WhiteElo "2273"]
[BlackElo "2292"]
[WhiteFideId "11601124"]
[BlackFideId "11601345"]
[EventDate "2013.01.12"]

1. Nf3 d5 2. c4 c6 3. e3 Nf6 4. Nc3 e6 5. b3 Bd6 6. Bb2 O-O 7. Qc2 Nbd7 8. Rc1
a6 9. d4 e5 10. dxe5 Nxe5 11. Nxe5 Bxe5 12. Be2 d4 13. exd4 Qxd4 14. Rd1 Qh4 15.
g3 Qh3 16. f4 Bf5 17. Bd3 Bxc3+ 18. Bxc3 Rfe8+ 19. Be5 Bxd3 20. Rxd3 Ng4 21. Kd1
Nxe5 22. fxe5 Rxe5 23. Kc1 Rae8 24. Rhd1 Qh6+ 25. Kb1 Qf6 26. Rd6 R5e6 27. Rxe6
Qxe6 28. a3 h6 29. Ka2 a5 30. a4 Rb8 31. c5 Re8 32. Qc3 Qg4 33. Rd2 Qb4 34. Qxb4
axb4 35. Rd4 Re2+ 36. Kb1 Rxh2 37. Rxb4 Rh5 38. Rxb7 Rxc5 39. b4 Rc3 40. a5 Rxg3
41. Kb2 Rg2+ 42. Kb3 Rg3+ 43. Kb2 Rg2+ 44. Kb3 Rg3+ 1/2-1/2

[Event "Paul Keres Mem 2013"]
[Site "Tallinn EST"]
[Date "2013.01.12"]
[Round "1.3"]
[White "Volodin, Aleksandr"]
[Black "Fridman, Daniel"]
[Result "1/2-1/2"]
[WhiteTitle "GM"]
[BlackTitle "GM"]
[WhiteElo "2506"]
[BlackElo "2667"]
[WhiteFideId "4501950"]
[BlackFideId "11600454"]
[EventDate "2013.01.12"]

1. d4 d5 2. c4 e6 3. Nc3 Be7 4. Nf3 Nf6 5. Bf4 O-O 6. e3 b6 7. Bd3 Ba6 8. cxd5
Nxd5 9. Nxd5 Qxd5 10. O-O Bxd3 11. Qxd3 c5 12. Rfd1 cxd4 13. Qxd4 Qxd4 14. Rxd4
Bf6 15. Be5 Nc6 16. Bxf6 gxf6 17. Rg4+ Kh8 18. Rc1 Ne7 19. Rgc4 Nd5 20. a3 a5
21. Nd4 Rfd8 22. g3 f5 23. Kf1 Kg7 24. Ke2 Rd7 25. R1c2 Kf6 26. Nb5 Rad8 27. Nc3
Ne7 28. Nb5 Nd5 29. Nc3 Ne7 30. Nb5 Nd5 1/2-1/2

[Event "Paul Keres Mem 2013"]
[Site "Tallinn EST"]
[Date "2013.01.12"]
[Round "1.4"]
[White "Shirov, Alexei"]
[Black "Khalifman, Alexander"]
[Result "1/2-1/2"]
[WhiteTitle "GM"]
[BlackTitle "GM"]
[WhiteElo "2708"]
[BlackElo "2614"]
[WhiteFideId "2209390"]
[BlackFideId "4100115"]
[EventDate "2013.01.12"]

1. e4 c5 2. Nf3 Nc6 3. d4 cxd4 4. Nxd4 g6 5. c4 Nf6 6. Nc3 Nxd4 7. Qxd4 d6 8.
Be2 Bg7 9. Bg5 O-O 10. Qd2 a5 11. Rc1 a4 12. f3 Be6 13. Nb5 Qa5 14. Qxa5 Rxa5
15. Bd2 Raa8 16. Nc7 Rac8 17. Nxe6 fxe6 18. O-O Nh5 19. Rc2 Nf4 1/2-1/2

[Event "Paul Keres Mem 2013"]
[Site "Tallinn EST"]
[Date "2013.01.12"]
[Round "1.5"]
[White "Maiorov, Nikita1"]
[Black "Malisauskas, Vidmantas"]
[Result "1-0"]
[WhiteTitle "GM"]
[BlackTitle "GM"]
[WhiteElo "2537"]
[BlackElo "2450"]
[WhiteFideId "13501720"]
[BlackFideId "12800031"]
[EventDate "2013.01.12"]

1. d4 Nf6 2. c4 g6 3. g3 Bg7 4. Bg2 d5 5. Nf3 dxc4 6. Na3 c3 7. bxc3 O-O 8. O-O
c5 9. e3 Nc6 10. Qe2 Qa5 11. Bb2 Be6 12. Rfc1 Rfd8 13. Nd2 Rac8 14. Nb3 Bxb3 15.
axb3 cxd4 16. exd4 Qc7 17. c4 e6 18. Rd1 a6 19. d5 exd5 20. cxd5 Nb4 21. Bh3 Re8
22. Qf3 Nd7 23. Bxg7 Kxg7 24. Qg4 1-0

[Event "Paul Keres Mem 2013"]
[Site "Tallinn EST"]
[Date "2013.01.12"]
[Round "2.1"]
[White "Ehlvest, Jaan"]
[Black "Malisauskas, Vidmantas"]
[Result "1/2-1/2"]
[WhiteTitle "GM"]
[BlackTitle "GM"]
[WhiteElo "2605"]
[BlackElo "2450"]
[WhiteFideId "4500016"]
[BlackFideId "12800031"]
[EventDate "2013.01.12"]

1. d4 Nf6 2. Nf3 g6 3. Bg5 Ne4 4. Bf4 Bg7 5. Nbd2 d5 6. e3 Bf5 7. c3 c6 8. h3
Nd7 9. Nxe4 Bxe4 10. Ng5 e5 11. dxe5 Nxe5 12. Nxe4 dxe4 13. Qa4 f5 14. Qb3 Qe7
15. Rd1 Rd8 16. Rxd8+ Kxd8 17. Bxe5 Bxe5 1/2-1/2

[Event "Paul Keres Mem 2013"]
[Site "Tallinn EST"]
[Date "2013.01.12"]
[Round "2.2"]
[White "Khalifman, Alexander"]
[Black "Maiorov, Nikita1"]
[Result "0-1"]
[WhiteTitle "GM"]
[BlackTitle "GM"]
[WhiteElo "2614"]
[BlackElo "2537"]
[WhiteFideId "4100115"]
[BlackFideId "13501720"]
[EventDate "2013.01.12"]

1. d4 Nf6 2. c4 e6 3. Nf3 b6 4. g3 Bb7 5. Bg2 Be7 6. O-O O-O 7. Re1 Qc8 8. Bg5
h6 9. Bxf6 Bxf6 10. e4 d6 11. Nc3 Nd7 12. Rc1 a6 13. b3 g6 14. h4 h5 15. d5 e5
16. b4 a5 17. a3 Bg7 18. Qc2 Qd8 19. Bh3 Bh6 20. Rb1 axb4 21. axb4 Qe7 22. Ra1
Nf6 23. Nh2 Rfb8 24. Qb2 c6 25. dxc6 Bxc6 26. Nf1 Rxa1 27. Qxa1 Ra8 28. Qb2 Qa7
29. Rd1 Nxe4 30. Nxe4 Bxe4 31. Rxd6 Bf8 32. Rd1 Qa3 33. Qxa3 Rxa3 34. Rd8 Kg7
35. Rd7 Bxb4 36. Be6 Kf6 37. Bxf7 Ra1 38. Bg8 Be7 39. Bd5 Bd3 40. Bg2 Bxc4 0-1

[Event "Paul Keres Mem 2013"]
[Site "Tallinn EST"]
[Date "2013.01.12"]
[Round "2.3"]
[White "Fridman, Daniel"]
[Black "Shirov, Alexei"]
[Result "1/2-1/2"]
[WhiteTitle "GM"]
[BlackTitle "GM"]
[WhiteElo "2667"]
[BlackElo "2708"]
[WhiteFideId "11600454"]
[BlackFideId "2209390"]
[EventDate "2013.01.12"]

1. Nf3 Nf6 2. g3 d5 3. Bg2 Bg4 4. c4 c6 5. Ne5 Bf5 6. cxd5 cxd5 7. Qa4+ Nbd7 8.
Nc3 e6 9. g4 Bc2 10. Nxf7 Kxf7 11. Qxc2 Nxg4 12. h3 Nh6 13. d4 Nf5 14. Bxd5 Nxd4
15. Qd1 Nc6 16. Bg2 Nb6 17. O-O Qxd1 18. Rxd1 Be7 19. Ne4 Rhd8 20. Ng5+ Kf6 21.
Ne4+ Kf7 22. Bg5 Bxg5 23. Nxg5+ Ke7 24. Nxh7 Na4 25. Rab1 Rxd1+ 26. Rxd1 Rd8 27.
Rc1 Nd4 28. Kf1 b6 29. b3 Nc5 30. Ng5 a5 31. Ne4 Rc8 32. e3 Nb5 33. Ke2 Rc7 34.
Nxc5 bxc5 35. Rc4 a4 36. bxa4 Nd6 37. Rg4 Kf6 38. a5 c4 39. a6 Ra7 40. Bb7 Nxb7
41. axb7 Rxa2+ 42. Kf3 Rb2 43. Rxc4 Rxb7 44. Rg4 g5 45. Ra4 Rb2 46. Ra8 Rc2 47.
Kg4 Kg6 48. Rg8+ Kf6 49. e4 Re2 50. f3 Rg2+ 51. Kh5 Rg3 52. Rg6+ Kf7 53. Rxg5
Rxh3+ 54. Kg4 Rh1 55. Ra5 Kf6 56. e5+ Kf7 57. Ra7+ Kf8 58. Kg5 Rh3 59. f4 Rh1
60. Kg6 Rh4 61. Kg5 Rh1 62. Rb7 Rh2 63. Rc7 Rh1 64. Ra7 Rh2 65. Kg6 Rh4 66. Rf7+
Ke8 67. Rf6 Ke7 68. Rf7+ Ke8 69. Rf6 Ke7 70. Kg5 Rh1 71. f5 1/2-1/2

[Event "Paul Keres Mem 2013"]
[Site "Tallinn EST"]
[Date "2013.01.12"]
[Round "2.4"]
[White "Berzina, Ilze"]
[Black "Volodin, Aleksandr"]
[Result "0-1"]
[WhiteTitle "WGM"]
[BlackTitle "GM"]
[WhiteElo "2292"]
[BlackElo "2506"]
[WhiteFideId "11601345"]
[BlackFideId "4501950"]
[EventDate "2013.01.12"]

1. e4 c5 2. Nf3 e6 3. c4 Nc6 4. Nc3 a6 5. Be2 Nd4 6. O-O Ne7 7. Nxd4 cxd4 8. Nb1
e5 9. d3 Ng6 10. f4 Nxf4 11. Bxf4 exf4 12. Rxf4 Bd6 13. Rf2 O-O 14. Nd2 Be5 15.
Bg4 d6 16. Bxc8 Rxc8 17. Qh5 g6 18. Qh3 b5 19. Raf1 Rc7 20. b3 Rb7 21. Kh1 Bg7
22. Rf4 Qg5 23. g3 Qc5 24. Rh4 h6 25. Nf3 bxc4 26. bxc4 Rb2 27. g4 Qa3 28. Ne1
Rb1 29. Qf3 Qxa2 30. Rh3 Qd2 31. Ng2 Rxf1+ 32. Qxf1 Rb8 33. Rf3 Rb7 34. Rf2 Qg5
35. h3 Be5 36. Nf4 a5 37. Nd5 Qh4 38. Ra2 Qg3 39. Rc2 a4 0-1

[Event "Paul Keres Mem 2013"]
[Site "Tallinn EST"]
[Date "2013.01.12"]
[Round "2.5"]
[White "Sveshnikov, Evgeny"]
[Black "Reizniece-Ozola, Dana"]
[Result "1-0"]
[WhiteTitle "GM"]
[BlackTitle "WGM"]
[WhiteElo "2521"]
[BlackElo "2273"]
[WhiteFideId "4100638"]
[BlackFideId "11601124"]
[EventDate "2013.01.12"]

1. e4 d6 2. d4 g6 3. Nc3 c6 4. Bc4 Nf6 5. Bg5 Nxe4 6. Nxe4 d5 7. Qe2 dxe4 8.
Qxe4 Qa5+ 9. Bd2 Qf5 10. Qe2 Qxc2 11. Nf3 Bg7 12. O-O O-O 13. Rac1 Qxb2 14. Qxe7
Nd7 15. Bc3 Qb6 16. Ng5 Bf6 17. Bxf7+ Kh8 18. d5 Bxc3 19. Rxc3 Qd8 20. Qxd8 Rxd8
21. Ne6 Rg8 22. Bxg8 Kxg8 23. dxc6 bxc6 24. Rb1 Nb6 25. Nc7 Rb8 26. Rxc6 Bd7 27.
Rd6 Bf5 28. Rbd1 Kf7 29. Nd5 Nc4 30. Rc6 Nb2 31. Re1 Nd3 32. Rc7+ Kf8 33. Rd1
Rb2 34. Ne3 Be4 35. f3 Re2 36. Ng4 Bf5 37. Nh6 1-0

[Event "Paul Keres Mem 2013"]
[Site "Tallinn EST"]
[Date "2013.01.12"]
[Round "3.1"]
[White "Reizniece-Ozola, Dana"]
[Black "Ehlvest, Jaan"]
[Result "0-1"]
[WhiteTitle "WGM"]
[BlackTitle "GM"]
[WhiteElo "2273"]
[BlackElo "2605"]
[WhiteFideId "11601124"]
[BlackFideId "4500016"]
[EventDate "2013.01.12"]

1. c4 d6 2. g3 f5 3. Bg2 Nf6 4. Nc3 e5 5. d3 Be7 6. e4 Nc6 7. Nge2 O-O 8. O-O
Qe8 9. Nd5 Bd8 10. exf5 Bxf5 11. d4 Nxd5 12. cxd5 Nxd4 13. Nxd4 exd4 14. Qxd4
Bf6 15. Qb4 Bd3 16. Re1 a5 17. Qd2 Qg6 18. Re3 Bf5 19. a4 h5 20. Raa3 h4 21. Re1
b6 22. Rae3 h3 23. Bf1 Bg5 24. Qc3 Bxe3 25. Bxe3 Rf7 26. Bd4 Raf8 27. Qd2 Bg4
28. Bd3 Qh5 29. f4 Qxd5 30. Be4 Qh5 31. Qd3 Bf5 32. Bf3 Bxd3 33. Bxh5 Rd7 34.
Be8 Rxe8 35. Rxe8+ Kf7 36. Rh8 Bc2 37. Rxh3 c5 38. Bc3 d5 39. g4 d4 40. Bd2 Bxa4
41. f5 Re7 42. g5 Re2 43. Bf4 Bc2 44. Kf1 Re8 45. f6 gxf6 46. Rh6 fxg5 47. Bxg5
Bg6 48. Rh4 Bd3+ 49. Kf2 Re2+ 50. Kf3 Rxb2 51. Rf4+ Ke6 52. h4 a4 53. h5 a3 54.
Rf8 a2 55. Ra8 Be2+ 56. Ke4 Bxh5 57. Ra7 Kd6 58. Bc1 Rc2 59. Bf4+ Kc6 60. Rc7+
Kb5 61. Ra7 Be2 62. Kd5 Bc4+ 63. Kd6 Rf2 64. Bg3 Rf1 0-1

[Event "Paul Keres Mem 2013"]
[Site "Tallinn EST"]
[Date "2013.01.12"]
[Round "3.2"]
[White "Volodin, Aleksandr"]
[Black "Sveshnikov, Evgeny"]
[Result "1-0"]
[WhiteTitle "GM"]
[BlackTitle "GM"]
[WhiteElo "2506"]
[BlackElo "2521"]
[WhiteFideId "4501950"]
[BlackFideId "4100638"]
[EventDate "2013.01.12"]

1. d4 d5 2. c4 e6 3. Nc3 c6 4. e3 Bd6 5. Nf3 f5 6. Be2 Nf6 7. Qc2 O-O 8. O-O Ne4
9. b3 Nd7 10. Bb2 Qf6 11. Rad1 Qh6 12. g3 Ndf6 13. Ne5 Bd7 14. Bc1 Nxc3 15. Qxc3
Bxe5 16. dxe5 Ng4 17. h4 Qg6 18. Ba3 Rf7 19. Bd6 Be8 20. Rd4 h5 21. Kg2 Rd7 22.
f3 Nh6 23. c5 f4 24. Rxf4 Nf5 25. g4 Rf7 26. Kh3 Nxd6 27. cxd6 Rxf4 28. exf4 Bd7
29. Bd3 Qf7 30. Kg3 Rf8 31. Qd2 c5 32. Rc1 b6 33. a4 a5 34. Qe3 Bc6 35. f5 Bd7
36. Qg5 exf5 37. gxf5 Bxf5 38. Bxf5 Qxf5 39. Qxf5 Rxf5 40. d7 Rf8 41. e6 Re8 1-0

[Event "Paul Keres Mem 2013"]
[Site "Tallinn EST"]
[Date "2013.01.12"]
[Round "3.3"]
[White "Shirov, Alexei"]
[Black "Berzina, Ilze"]
[Result "1-0"]
[WhiteTitle "GM"]
[BlackTitle "WGM"]
[WhiteElo "2708"]
[BlackElo "2292"]
[WhiteFideId "2209390"]
[BlackFideId "11601345"]
[EventDate "2013.01.12"]

1. e4 e5 2. Nf3 Nc6 3. Bb5 g6 4. d4 exd4 5. Bg5 Be7 6. Bxe7 Qxe7 7. Bxc6 dxc6 8.
Qxd4 Nf6 9. Nc3 Bg4 10. Nd2 c5 11. Qe3 Be6 12. h3 O-O-O 13. O-O-O Rd7 14. f4
Rhd8 15. Rhe1 Rd4 16. g4 Bc4 17. Nxc4 Rxc4 18. e5 Nd7 19. Nd5 Qe6 20. f5 Qa6 21.
e6 1-0

[Event "Paul Keres Mem 2013"]
[Site "Tallinn EST"]
[Date "2013.01.12"]
[Round "3.4"]
[White "Maiorov, Nikita1"]
[Black "Fridman, Daniel"]
[Result "0-1"]
[WhiteTitle "GM"]
[BlackTitle "GM"]
[WhiteElo "2537"]
[BlackElo "2667"]
[WhiteFideId "13501720"]
[BlackFideId "11600454"]
[EventDate "2013.01.12"]

1. d4 d5 2. c4 e6 3. Nc3 Be7 4. cxd5 exd5 5. Bf4 Nf6 6. e3 Bf5 7. Qb3 Nc6 8. Rc1
Na5 9. Qa4+ c6 10. Nf3 O-O 11. Be2 b5 12. Qd1 Nc4 13. b3 Nb6 14. Bd3 Bg4 15. O-O
Rc8 16. h3 Bh5 17. Be2 Nfd7 18. Ne1 Bg6 19. Bd3 b4 20. Ne2 c5 21. dxc5 Nxc5 22.
Bxg6 hxg6 23. Nd3 Ne4 24. Be5 Nd7 25. Bd4 Qa5 26. f3 Nd6 27. Qd2 Nf5 28. Ba1 Bg5
29. Nef4 d4 30. exd4 Nf6 31. Qf2 Nh5 32. g4 Rxc1 33. Rxc1 Nxf4 34. Nxf4 Bxf4 35.
Rc5 Qxc5 36. dxc5 Be3 37. gxf5 Bxf2+ 38. Kxf2 gxf5 39. Ke3 Rd8 40. Bd4 f6 41.
Kd3 Kf7 42. Kc4 Ke6 43. h4 Rh8 44. Bf2 g5 45. hxg5 fxg5 46. Kxb4 Rh2 47. Bg3
Rxa2 48. Bb8 a6 49. Kc4 Rf2 50. Kd4 0-1

[Event "Paul Keres Mem 2013"]
[Site "Tallinn EST"]
[Date "2013.01.12"]
[Round "3.5"]
[White "Malisauskas, Vidmantas"]
[Black "Khalifman, Alexander"]
[Result "1/2-1/2"]
[WhiteTitle "GM"]
[BlackTitle "GM"]
[WhiteElo "2450"]
[BlackElo "2614"]
[WhiteFideId "12800031"]
[BlackFideId "4100115"]
[EventDate "2013.01.12"]

1. d4 Nf6 2. c4 g6 3. Nc3 Bg7 4. e4 d6 5. Be2 O-O 6. Bg5 a6 7. Qd2 c5 8. d5 b5
9. cxb5 Qa5 10. bxa6 Bxa6 11. Bxa6 Qxa6 12. Nge2 Nbd7 13. Bh6 Bxh6 14. Qxh6 Rfb8
15. Qd2 Ne5 16. Rb1 Nd3+ 17. Kf1 e6 18. dxe6 fxe6 19. h4 d5 20. Rh3 c4 21. h5
Nxh5 22. Rxh5 Qa7 23. Nf4 Nxf4 24. Qxf4 gxh5 25. exd5 exd5 26. Qg5+ Kh8 27. Qxd5
Rf8 28. f3 h4 29. Qh5 Qg7 1/2-1/2

[Event "Paul Keres Mem 2013"]
[Site "Tallinn EST"]
[Date "2013.01.12"]
[Round "4.1"]
[White "Ehlvest, Jaan"]
[Black "Khalifman, Alexander"]
[Result "1/2-1/2"]
[WhiteTitle "GM"]
[BlackTitle "GM"]
[WhiteElo "2605"]
[BlackElo "2614"]
[WhiteFideId "4500016"]
[BlackFideId "4100115"]
[EventDate "2013.01.12"]

1. e4 e5 2. Nf3 Nc6 3. Bb5 a6 4. Ba4 Nf6 5. O-O Be7 6. Re1 b5 7. Bb3 O-O 8. c3
d5 9. exd5 Nxd5 10. d4 exd4 11. cxd4 Be6 12. Nc3 1/2-1/2

[Event "Paul Keres Mem 2013"]
[Site "Tallinn EST"]
[Date "2013.01.12"]
[Round "4.2"]
[White "Fridman, Daniel"]
[Black "Malisauskas, Vidmantas"]
[Result "1-0"]
[WhiteTitle "GM"]
[BlackTitle "GM"]
[WhiteElo "2667"]
[BlackElo "2450"]
[WhiteFideId "11600454"]
[BlackFideId "12800031"]
[EventDate "2013.01.12"]

1. c4 g6 2. d4 Nf6 3. Nc3 d5 4. cxd5 Nxd5 5. Bd2 Bg7 6. Nf3 O-O 7. Rc1 Nxc3 8.
Bxc3 Qd5 9. a3 Bg4 10. e3 Bxf3 11. Qxf3 Qxf3 12. gxf3 c6 13. h4 Nd7 14. h5 e5
15. h6 Bh8 16. dxe5 Nxe5 17. f4 Ng4 18. Bxh8 Kxh8 19. Bc4 Kg8 20. Ke2 Rfd8 21.
Rcg1 Nf6 22. f5 Kf8 23. fxg6 hxg6 24. Rh4 Ke7 25. Rg5 Nh5 26. Re4+ Kf6 27. Rge5
b5 28. Bb3 Rf8 29. Re7 c5 30. Bxf7 Rxf7 31. R4e6+ Kf5 32. Re5+ 1-0

[Event "Paul Keres Mem 2013"]
[Site "Tallinn EST"]
[Date "2013.01.12"]
[Round "4.3"]
[White "Berzina, Ilze"]
[Black "Maiorov, Nikita1"]
[Result "0-1"]
[WhiteTitle "WGM"]
[BlackTitle "GM"]
[WhiteElo "2292"]
[BlackElo "2537"]
[WhiteFideId "11601345"]
[BlackFideId "13501720"]
[EventDate "2013.01.12"]

1. e4 e5 2. Nf3 Nc6 3. Bb5 a6 4. Ba4 Nf6 5. O-O Be7 6. Re1 b5 7. Bb3 d6 8. c3
O-O 9. h3 Nb8 10. d4 Nbd7 11. Nbd2 Bb7 12. Bc2 Re8 13. Nf1 Bf8 14. Ng3 g6 15.
Bg5 Bg7 16. Nh2 h6 17. Bd2 Qe7 18. f4 c5 19. fxe5 dxe5 20. d5 h5 21. Bg5 Qd6 22.
Qd2 Nh7 23. Be3 c4 24. Rf1 Rac8 25. Nf3 Nc5 26. Bh6 Qf8 27. Bxg7 Qxg7 28. Nh4
Kh8 29. Rf2 Rc7 30. Qe3 Bc8 31. Raf1 f6 32. b4 cxb3 33. axb3 Rd8 34. Bd1 Nb7 35.
Rf3 Rd6 36. Qa7 Ng5 37. R3f2 Rxc3 38. Qb8 Rxg3 39. Qxc8+ Rd8 40. Qc6 Nxe4 41.
Rxf6 Nbd6 42. Re6 Qa7+ 43. Kh2 Rc8 44. Rxd6 Rxc6 45. Rxc6 Kg7 46. Bc2 Nd2 47.
Rxg6+ Rxg6 0-1

[Event "Paul Keres Mem 2013"]
[Site "Tallinn EST"]
[Date "2013.01.12"]
[Round "4.4"]
[White "Sveshnikov, Evgeny"]
[Black "Shirov, Alexei"]
[Result "1/2-1/2"]
[WhiteTitle "GM"]
[BlackTitle "GM"]
[WhiteElo "2521"]
[BlackElo "2708"]
[WhiteFideId "4100638"]
[BlackFideId "2209390"]
[EventDate "2013.01.12"]

1. e4 c5 2. c3 Nf6 3. e5 Nd5 4. d4 cxd4 5. cxd4 d6 6. Nf3 Nc6 7. Bc4 dxe5 8.
Bxd5 Qxd5 9. Nc3 Qa5 10. d5 e4 11. dxc6 exf3 12. Qxf3 Qc7 13. Bf4 Qxc6 14. Nd5
Bg4 15. Qxg4 Qxd5 16. O-O h5 17. Qe2 f6 18. Rfd1 Qf5 19. Be3 Rc8 20. Bxa7 g6 21.
Rac1 Bh6 22. Rxc8+ Qxc8 23. Re1 e5 24. Be3 Bxe3 25. Qxe3 Kf7 26. Rc1 Qd7 27.
Qb3+ Kg7 28. Rd1 Qc6 29. Qd3 Rc8 30. h4 Rc7 31. Qd8 Rf7 32. Qd5 Qa4 33. g3 Qg4 1/2-1/2

[Event "Paul Keres Mem 2013"]
[Site "Tallinn EST"]
[Date "2013.01.12"]
[Round "4.5"]
[White "Reizniece-Ozola, Dana"]
[Black "Volodin, Aleksandr"]
[Result "0-1"]
[WhiteTitle "WGM"]
[BlackTitle "GM"]
[WhiteElo "2273"]
[BlackElo "2506"]
[WhiteFideId "11601124"]
[BlackFideId "4501950"]
[EventDate "2013.01.12"]

1. c4 c5 2. Nf3 d6 3. d4 cxd4 4. Nxd4 Nf6 5. Nc3 b6 6. Qa4+ Nbd7 7. Nc6 Qc7 8.
Nb4 Bb7 9. Bg5 e6 10. Nb5 Qc8 11. Rd1 Ne4 12. Be3 a6 13. Nd4 Be7 14. f3 Nc5 15.
Qc2 O-O 16. Bf2 f5 17. e3 Qe8 18. Be2 Rc8 19. O-O Qg6 20. Nd3 e5 21. Nxc5 Rxc5
22. Nb3 Rcc8 23. Qd2 a5 24. Na1 Nf6 25. b4 axb4 26. Qxb4 Nd7 27. Nb3 Rfe8 28.
Qe1 Ra8 29. Rd2 h6 30. Bh4 Bf8 31. Qd1 Ra3 32. Qb1 Rea8 33. Kh1 Qf7 34. Rc1 Bc6
35. Bd3 g6 36. e4 fxe4 37. Bxe4 Bxe4 38. Qxe4 Rxa2 39. Bf2 Kh7 40. Be3 R2a3 41.
Rb2 R8a4 42. Qh4 Rb4 43. Rcb1 Rxc4 44. Qe1 d5 45. Nd2 Rc6 46. Nf1 d4 47. Bd2 Bc5
48. Ng3 Ra8 49. Ne4 Be7 50. Qg3 Qf5 51. Qe1 Rac8 52. Qd1 Nc5 53. Ng3 Qe6 54. Bc1
Bh4 55. Ne2 Rd8 56. g3 Bf6 57. h4 h5 58. Qd2 Bg7 59. Ng1 e4 60. fxe4 Nxe4 61.
Qg2 d3 62. Bf4 Bxb2 63. Rxb2 d2 64. Bxd2 Nxd2 65. Ne2 Qd5 0-1

[Event "Paul Keres Mem 2013"]
[Site "Tallinn EST"]
[Date "2013.01.13"]
[Round "5.1"]
[White "Volodin, Aleksandr"]
[Black "Ehlvest, Jaan"]
[Result "1/2-1/2"]
[WhiteTitle "GM"]
[BlackTitle "GM"]
[WhiteElo "2506"]
[BlackElo "2605"]
[WhiteFideId "4501950"]
[BlackFideId "4500016"]
[EventDate "2013.01.12"]

1. d4 Nf6 2. c4 e6 3. Nf3 d5 4. Nc3 Be7 5. Bf4 O-O 6. e3 Nbd7 7. c5 Ne4 8. Nxe4
dxe4 9. Nd2 e5 10. Bxe5 Nxe5 11. dxe5 Qd5 12. Qc2 Qxe5 13. Rc1 Bf5 14. Be2 b6
15. Nb3 a5 16. a4 Bd7 17. c6 Bb4+ 18. Nd2 Bxc6 19. Qxc6 Rad8 20. O-O Rxd2 21.
Bb5 Bd6 22. g3 Rxb2 23. Rc4 f5 24. Rd4 g6 25. Rfd1 Rf6 26. Qd7 Rxb5 27. axb5 Rf7
28. Qc6 Qc5 29. Qe8+ Kg7 30. Rd5 Qb4 31. Qa8 a4 32. R5d4 Qxb5 33. Rxa4 Rf8 1/2-1/2

[Event "Paul Keres Mem 2013"]
[Site "Tallinn EST"]
[Date "2013.01.13"]
[Round "5.2"]
[White "Shirov, Alexei"]
[Black "Reizniece-Ozola, Dana"]
[Result "1-0"]
[WhiteTitle "GM"]
[BlackTitle "WGM"]
[WhiteElo "2708"]
[BlackElo "2273"]
[WhiteFideId "2209390"]
[BlackFideId "11601124"]
[EventDate "2013.01.12"]

1. e4 d6 2. d4 g6 3. Nc3 c6 4. Nf3 Bg7 5. Bg5 Nd7 6. Qd2 Qc7 7. h4 Ngf6 8. h5
Nxh5 9. O-O-O h6 10. Be3 e5 11. g4 Nf4 12. Bxf4 exf4 13. Qxf4 g5 14. Qg3 Nf6 15.
e5 dxe5 16. dxe5 Nd5 17. Nxd5 cxd5 18. Bb5+ Kf8 19. Rhe1 Qa5 20. Nd4 Qxa2 21. e6
Bxd4 22. e7+ Kg7 23. Rxd4 Qa1+ 24. Kd2 Qa5+ 25. b4 Qxb5 26. Qe5+ 1-0

[Event "Paul Keres Mem 2013"]
[Site "Tallinn EST"]
[Date "2013.01.13"]
[Round "5.3"]
[White "Maiorov, Nikita1"]
[Black "Sveshnikov, Evgeny"]
[Result "1/2-1/2"]
[WhiteTitle "GM"]
[BlackTitle "GM"]
[WhiteElo "2537"]
[BlackElo "2521"]
[WhiteFideId "13501720"]
[BlackFideId "4100638"]
[EventDate "2013.01.12"]

1. d4 d5 2. c4 e6 3. Nc3 c6 4. e3 Nd7 5. Qc2 Ngf6 6. Nf3 b6 7. cxd5 cxd5 8. Nb5
Bb4+ 9. Bd2 Bxd2+ 10. Nxd2 O-O 11. Be2 Ba6 12. Qa4 Bxb5 13. Qxb5 a6 14. Qb3 Qc7
15. O-O Rfc8 16. Rfd1 b5 17. a4 bxa4 18. Qxa4 a5 19. Qa3 Nb6 20. b3 Qc3 21. Bb5
Qb4 22. Qxb4 axb4 23. Kf1 Ne4 24. Nxe4 dxe4 25. Rxa8 Rxa8 26. Bc6 Ra3 27. Bxe4
Rxb3 28. Rb1 Rxb1+ 29. Bxb1 b3 30. Ke2 Nc4 31. Kd1 e5 32. Bd3 Nb2+ 33. Kd2 exd4
34. exd4 Na4 35. Kc1 Kf8 36. f3 Ke7 37. Bc4 b2+ 38. Kc2 f5 39. Bb3 Nc3 40. Kxb2
Ne2 41. Bg8 1/2-1/2

[Event "Paul Keres Mem 2013"]
[Site "Tallinn EST"]
[Date "2013.01.13"]
[Round "5.4"]
[White "Malisauskas, Vidmantas"]
[Black "Berzina, Ilze"]
[Result "1-0"]
[WhiteTitle "GM"]
[BlackTitle "WGM"]
[WhiteElo "2450"]
[BlackElo "2292"]
[WhiteFideId "12800031"]
[BlackFideId "11601345"]
[EventDate "2013.01.12"]

1. d4 d5 2. c4 e6 3. Nc3 c6 4. e3 Bd6 5. Nf3 f5 6. Ne5 Nf6 7. f4 O-O 8. Bd2 Nbd7
9. c5 Bc7 10. b4 Ne4 11. Nxe4 dxe4 12. Nxd7 Bxd7 13. Bc4 a5 14. Qb3 Qc8 15. bxa5
Bxa5 16. Bxa5 Rxa5 17. O-O Kh8 18. Rfb1 Ra7 19. a4 Rg8 20. a5 g5 21. Qb6 Qb8 22.
fxg5 Rxg5 23. a6 Qg8 24. Ra2 Ra8 25. Qc7 Rg7 26. Rxb7 Rc8 27. Qe5 Re8 28. a7 1-0

[Event "Paul Keres Mem 2013"]
[Site "Tallinn EST"]
[Date "2013.01.13"]
[Round "5.5"]
[White "Khalifman, Alexander"]
[Black "Fridman, Daniel"]
[Result "1/2-1/2"]
[WhiteTitle "GM"]
[BlackTitle "GM"]
[WhiteElo "2614"]
[BlackElo "2667"]
[WhiteFideId "4100115"]
[BlackFideId "11600454"]
[EventDate "2013.01.12"]

1. d4 d5 2. c4 e6 3. Nf3 Nf6 4. Nc3 Be7 5. Bg5 h6 6. Bh4 O-O 7. e3 Ne4 8. Bxe7
Qxe7 9. Rc1 c6 10. Bd3 Nxc3 11. Rxc3 dxc4 12. Bxc4 Nd7 13. Qc2 b6 14. Bd3 Nf6
15. Rxc6 Nd5 16. Qb3 Nb4 17. Rc1 Nxd3+ 18. Qxd3 Bb7 19. O-O Bxf3 20. gxf3 Qg5+
21. Kh1 Qd5 22. Qe4 Qxa2 23. Rg1 Rfc8 24. Qb7 Rf8 25. Qe4 1/2-1/2